Historia de la devoción al Sagrado Corazón de Jesús, en la vida de la venerable madre Margarita María, religiosa de la Visitación...

Detalles Bibliográficos
Autor principal: LANGUET, Juan José
Formato: Libro
Publicado: Salamanca 173...
Materias:
Colección:Banco de datos
Acervo:Biblioteca del Convento de Santa Mónica de la Ciudad de Puebla. Puebla
Tema general:Biografías
Notas:Mala. J, 7. reg. 188439 la última cifra del año no se distingue.
LEADER 00791nam a22001930004500
035 |a 51573 
036 |a 1341 
100 1 |a LANGUET, Juan José 
245 1 0 |a Historia de la devoción al Sagrado Corazón de Jesús, en la vida de la venerable madre Margarita María, religiosa de la Visitación...  |c tr. Juan de Loyola 
260 |a Salamanca  |b imp. Antonio José Villagordo  |c 173... 
500 |a Mala. J, 7. reg. 188439 la última cifra del año no se distingue. 
650 1 0 |a Biografías 
949 |a CRP-SM 
959 |a Ex convento de Santa Mónica. Puebla, Puebla  |b CCC5 
960 |a Convento de Santa Mónica de la ciudad de Puebla  |b DD88 
961 |a Franciscana  |b OF 
942 |c CRP-SM 
943 |g Biblioteca del Convento de Santa Mónica de la Ciudad de Puebla. Puebla 
999 |c 961911  |d 961911